Statystyki dla odmiana avoir

Kliknij tutaj aby rozwiązać quiz!

Ogólne statystyki

  • Ten quiz został rozwiązany 22 razy
  • Średni wynik to 7 z 9

Statystyki odpowiedzi

HintOdpowiedź% Poprawnych
Ila
100%
Ellea
100%
Ila
100%
Jeai
91%
Tuas
82%
Vousavez
73%
Nousavons
73%
Ilsont
64%
Ellesont
64%

Rozkład punktacji

Percentyl według liczby udzielonych odpowiedzi

Procent ludzi z każdym wynikiem

Twoja historia wyników

Nie rozwiązałeś tego quizu